000 00865nam a2200265Ia 4500
001 22027
005 20260320113335.0
008 260320s9999||||xx |||||||||||||| ||und||
020 _a9972623130
041 _aESP
082 _a910.944
_bR68
100 _aRiviale, Pascal,
_eAUT
245 0 _aLos viajeros franceses en busca del Perú antiguo (1821-1914)
_b
246 _a
_5
_b
250 _aPrimera edición
260 _aLima :
_bIFEA,
_c2000
300 _a456 páginas :
_bgráficos ;
_c24 cm.
_e
440 _a(Travaux de l'Institut Français d'Études Andines ; tomo 129)
_n
_v
650 _aGEH
653 _aViajeros franceses - Siglos XIX-XX
654 _aCHU
700 _a
_c
856 _uhttps://0u20fnt6j-y-https-research-ebsco-com.itmsp.museknowledge.com/c/qxo6us/search
_zVéase además: Base de datos EBSCOhost
942 _cLIB
_dJUS
_fMAT
_2ddc
_n
999 _c22027
_d22027